[Event "Jirasek Memorial op 23rd"]
[Site "Rakovnik"]
[Date "2011.08.11"]
[Round "7"]
[White "Pliva, Vojtech"]
[Black "Krasny, Drahomir"]
[Result "1/2-1/2"]
[WhiteElo "2066"]
[BlackElo "1897"]
[PlyCount "22"]
[EventDate "2011.08.06"]
[EventType "swiss"]
[EventRounds "9"]
[EventCountry "CZE"]
[SourceTitle "CBM 143 Extra"]
[Source "ChessBase"]
[SourceDate "2011.08.29"]
[SourceVersion "1"]
[SourceVersionDate "2011.08.29"]
[SourceQuality "1"]

1. Nf3 d5 2. d4 Nf6 3. c4 c6 4. Nbd2 Nbd7 5. g3 Qc7 6. Qc2 e6 7. Bg2 Bd6 8. 0-0 0-0 9. e4 dxe4 10. Nxe4 Nxe4 11. Qxe4 Nf6 1/2-1/2

[Event "CZE-chT2B 1011"]
[Site "Czech Republic"]
[Date "2011.04.10"]
[Round "11.2"]
[White "Soukup, Jiri"]
[Black "Pliva, Vojtech"]
[Result "1/2-1/2"]
[WhiteElo "2303"]
[BlackElo "2039"]
[PlyCount "57"]
[EventDate "2010.10.17"]
[EventType "team-tourn"]
[EventRounds "11"]
[EventCountry "CZE"]
[SourceTitle "EXT 2012"]
[Source "ChessBase"]
[SourceDate "2011.11.24"]
[SourceVersion "1"]
[SourceVersionDate "2011.11.24"]
[SourceQuality "1"]
[WhiteTeam "Karlovy Vary"]
[BlackTeam "Kladno"]
[WhiteTeamCountry "CZE"]
[BlackTeamCountry "CZE"]

1. e4 e5 2. Nc3 Nf6 3. f4 d5 4. exd5 exf4 5. d4 Bb4 6. Qe2+ Qe7 7. Qxe7+ Kxe7 8. Bxf4 Nxd5 9. Bd2 Nxc3 10. bxc3 Bd6 11. Bd3 Nd7 12. Nf3 Nf6 13. 0-0 Be6 14. Nh4 Rae8 15. c4 b6 16. Rab1 c5 17. d5 Bd7 18. Bc3 Ng4 19. Bxg7 Bxh2+ 20. Kh1 Rhg8 21. Ba1 Be5 22. Rbe1 Kf8 23. Bxe5 Nxe5 24. Bxh7 Rg4 25. Nf5 Nxc4 26. Rxe8+ Kxe8 27. Kg1 Bxf5 28. Bxf5 Rd4 29. Re1+ 1/2-1/2

[Event "CZE-chT2B 0910"]
[Site "Czech Republic"]
[Date "2009.11.08"]
[Round "2.4"]
[White "Pliva, Vojtech"]
[Black "Jenicek, Emil"]
[Result "1/2-1/2"]
[WhiteElo "2056"]
[BlackElo "2072"]
[PlyCount "39"]
[EventDate "2009.10.18"]
[EventType "team-tourn"]
[EventRounds "11"]
[EventCountry "CZE"]
[SourceTitle "EXT 2012"]
[Source "ChessBase"]
[SourceDate "2011.11.24"]
[SourceVersion "1"]
[SourceVersionDate "2011.11.24"]
[SourceQuality "1"]
[WhiteTeam "Kladno"]
[BlackTeam "Litvinov Lom"]
[WhiteTeamCountry "CZE"]
[BlackTeamCountry "CZE"]

1. Nf3 d5 2. d4 c6 3. e3 Bf5 4. Bd3 e6 5. Bxf5 exf5 6. Qd3 g6 7. c4 Nf6 8. 0-0 Bg7 9. Nc3 0-0 10. b3 a6 11. Bb2 Re8 12. Rfd1 Ne4 13. Rac1 Qd6 14. Qc2 Nd7 15. g3 Ndf6 16. Ne5 Nxc3 17. Bxc3 Ne4 18. Bb2 Rad8 19. Qe2 h5 20. Kg2 1/2-1/2

[Event "Jirasek Memorial op-A"]
[Site "Rakovnik"]
[Date "2009.08.09"]
[Round "3"]
[White "Wasserbauer, Radek"]
[Black "Pliva, Vojtech"]
[Result "1/2-1/2"]
[WhiteElo "1898"]
[BlackElo "2064"]
[PlyCount "25"]
[EventDate "2009.08.08"]
[EventType "swiss"]
[EventRounds "9"]
[EventCountry "CZE"]
[SourceTitle "EXT 2010"]
[Source "ChessBase"]
[SourceDate "2010.11.25"]
[SourceVersion "1"]
[SourceVersionDate "2010.11.25"]
[SourceQuality "1"]

1. e4 e5 2. Nf3 Nc6 3. Bc4 Bc5 4. d3 Nf6 5. Bg5 h6 6. Bh4 d6 7. h3 Na5 8. Bb3 Nxb3 9. axb3 g5 10. Bg3 Nh5 11. Bh2 g4 12. Nfd2 Qh4 13. Qe2 1/2-1/2

[Event "CZE-chT2b 0607"]
[Site "Czech Republic"]
[Date "2006.12.17"]
[Round "5"]
[White "Pliva, Vojtech"]
[Black "Contos, Vaclav"]
[Result "1/2-1/2"]
[WhiteElo "2132"]
[BlackElo "2081"]
[PlyCount "32"]
[EventDate "2006.10.15"]
[EventType "team"]
[EventRounds "11"]
[EventCountry "CZE"]
[SourceTitle "EXT 2009"]
[Source "ChessBase"]
[SourceDate "2008.11.26"]
[SourceVersion "1"]
[SourceVersionDate "2008.11.26"]
[SourceQuality "1"]

1. d4 d5 2. Nf3 Nf6 3. c4 dxc4 4. e3 e6 5. Bxc4 a6 6. Nc3 c5 7. 0-0 Nc6 8. dxc5 Qxd1 9. Rxd1 Bxc5 10. a3 b5 11. Be2 Bb7 12. b4 Bb6 13. a4 Nxb4 14. axb5 0-0 15. bxa6 Bxa6 16. Bxa6 Nxa6 1/2-1/2

[Event "Czechia KP-chTA 0607"]
[Site "Czech Republic"]
[Date "2006.12.10"]
[Round "4.2"]
[White "Postupa, Pavel1111"]
[Black "Pliva, Vojtech"]
[Result "0-1"]
[WhiteElo "2089"]
[BlackElo "2102"]
[PlyCount "63"]
[EventDate "2006.10.29"]
[EventType "team"]
[EventRounds "11"]
[EventCountry "CZE"]
[SourceTitle "EXT 2008"]
[Source "ChessBase"]
[SourceDate "2007.11.25"]
[SourceVersion "1"]
[SourceVersionDate "2007.11.25"]
[SourceQuality "1"]
[WhiteTeam "Lysa nad Labem II"]
[BlackTeam "Kladno"]
[WhiteTeamCountry "CZE"]
[BlackTeamCountry "CZE"]

1. e4 e5 2. f4 exf4 3. Nf3 d5 4. e5 g5 5. h4 g4 6. Nd4 Bg7 7. Ne2 f3 8. gxf3 gxf3 9. Nf4 Bxe5 10. d4 Bg7 11. Be3 Nf6 12. Qxf3 Bg4 13. Qg3 Qe7 14. Nc3 c6 15. Be2 Nbd7 16. 0-0-0 Bxe2 17. Nfxe2 0-0-0 18. Rde1 Rhg8 19. Bg5 h6 20. Bf4 Nh5 21. Qf2 Nxf4 22. Nxf4 Qf6 23. Qh2 Qxd4 24. Nd3 Rde8 25. Qh3 Kd8 26. Qf5 Qf6 27. Qh3 Rxe1+ 28. Rxe1 Re8 29. Rf1 Qe6 30. Qf3 Re7 31. Ne1 Ke8 32. Nd1 0-1

[Event "Ricany op-A"]
[Site "Ricany"]
[Date "2006.08.27"]
[Round "4"]
[White "Pliva, Vojtech"]
[Black "Tejkal, Jiri"]
[Result "1/2-1/2"]
[WhiteElo "2150"]
[BlackElo "2034"]
[PlyCount "34"]
[EventDate "2006.08.24"]
[EventType "swiss"]
[EventRounds "9"]
[EventCountry "CZE"]
[SourceTitle "EXT 2007"]
[Source "ChessBase"]
[SourceDate "2006.11.23"]
[SourceVersion "1"]
[SourceVersionDate "2006.11.23"]
[SourceQuality "1"]

1. Nf3 Nf6 2. d4 g6 3. c4 Bg7 4. Nc3 0-0 5. e4 d6 6. Be2 e5 7. 0-0 Nc6 8. Be3 Ng4 9. Bg5 f6 10. Bc1 f5 11. dxe5 dxe5 12. Qxd8 Rxd8 13. Nd5 fxe4 14. Ng5 Nf6 15. Nxf6+ Bxf6 16. Nxe4 Be7 17. Bg5 Rf8 1/2-1/2

[Event "CZE-chT2b 0506"]
[Site "Czech Republic"]
[Date "2005.11.06"]
[Round "2"]
[White "Pliva, Vojtech"]
[Black "Vagner, Tomas"]
[Result "1/2-1/2"]
[WhiteElo "2140"]
[BlackElo "2235"]
[PlyCount "119"]
[EventDate "2005.10.16"]
[EventType "team"]
[EventRounds "11"]
[EventCountry "CZE"]
[SourceTitle "EXT 2009"]
[Source "ChessBase"]
[SourceDate "2008.11.26"]
[SourceVersion "1"]
[SourceVersionDate "2008.11.26"]
[SourceQuality "1"]

1. Nf3 c5 2. c4 Nc6 3. Nc3 e6 4. e3 d5 5. d4 Nf6 6. a3 Ne4 7. Qc2 Nxc3 8. Qxc3 cxd4 9. Nxd4 Nxd4 10. Qxd4 dxc4 11. Qxd8+ Kxd8 12. Bxc4 Bd6 13. Ke2 Ke7 14. Bd2 a6 15. Bc3 b5 16. Bd3 f6 17. Be4 Rb8 18. Rac1 Bd7 19. Rhd1 h5 20. f4 e5 21. Rc2 Bg4+ 22. Bf3 exf4 23. Bb4 Bxb4 24. Rc7+ Ke6 25. axb4 fxe3 26. Rxg7 Bxf3+ 27. Kxf3 Rhd8 28. Rxd8 Rxd8 29. Kxe3 Rc8 30. Ra7 Rc2 31. Rxa6+ Kf7 32. Ra5 Rxg2 33. Rxb5 Rxh2 34. b3 Kg6 35. Kf4 Rb2 36. Rc5 Rxb3 37. b5 h4 38. Kg4 h3 39. Rc2 f5+ 40. Kh4 Kf6 41. b6 Ke5 42. b7 h2 43. Rxh2 Rxb7 44. Re2+ Kf4 45. Rf2+ Ke4 46. Kg5 Rg7+ 47. Kf6 Rg8 48. Kf7 Ra8 49. Kg6 f4 50. Kg5 Rg8+ 51. Kh4 f3 52. Kh3 Ke3 53. Ra2 f2 54. Ra3+ Ke2 55. Ra2+ Kf1 56. Ra1+ Ke2 57. Ra2+ Ke3 58. Ra3+ Ke4 59. Ra4+ Kd3 60. Ra3+ 1/2-1/2

[Event "CZE-chT2b 0506"]
[Site "Czech Republic"]
[Date "2005.10.16"]
[Round "1"]
[White "Pliva, Vojtech"]
[Black "Krejcik, Jiri"]
[Result "1/2-1/2"]
[WhiteElo "2140"]
[BlackElo "2155"]
[PlyCount "99"]
[EventDate "2005.10.16"]
[EventType "team"]
[EventRounds "11"]
[EventCountry "CZE"]
[SourceTitle "EXT 2009"]
[Source "ChessBase"]
[SourceDate "2008.11.26"]
[SourceVersion "1"]
[SourceVersionDate "2008.11.26"]
[SourceQuality "1"]

1. Nf3 d6 2. d4 Bg4 3. Nbd2 Nd7 4. h3 Bxf3 5. Nxf3 e5 6. e4 Ngf6 7. Bd3 Be7 8. c3 c6 9. 0-0 h6 10. Re1 Qc7 11. b4 Nf8 12. Bf1 g5 13. g3 Ng6 14. Nh2 0-0 15. Qb3 d5 16. exd5 exd4 17. dxc6 bxc6 18. cxd4 Rab8 19. Bd2 Nd5 20. Ng4 Kg7 21. Ne3 Bf6 22. Nxd5 cxd5 23. Rac1 Qb6 24. Qxd5 Rfd8 25. Qc5 Bxd4 26. Bc3 Qf6 27. Bxd4 Rxd4 28. a3 Rbd8 29. a4 h5 30. Bg2 h4 31. a5 a6 32. Rc2 g4 33. Rce2 Rb8 34. Re4 Rbxb4 35. hxg4 hxg3 36. fxg3 Rxe4 37. Bxe4 Rb5 38. Qe3 Rxa5 39. Rf1 Ra1 40. Rxa1 Qxa1+ 41. Kf2 Qf6+ 42. Ke2 Qb2+ 43. Qd2 Qxd2+ 44. Kxd2 Kf6 45. Kc3 Ke5 46. Bb7 a5 47. Kb3 Kd6 48. Ka4 Ne5 49. Kxa5 Nxg4 50. Kb4 1/2-1/2

[Event "CZE-chT2a 0405"]
[Site "Czech Republic"]
[Date "2004.11.21"]
[Round "3.4"]
[White "Toman, Jaroslav"]
[Black "Pliva, Vojtech"]
[Result "1/2-1/2"]
[WhiteElo "2147"]
[BlackElo "2118"]
[PlyCount "58"]
[EventDate "2004.10.17"]
[EventType "team"]
[EventRounds "11"]
[EventCountry "CZE"]
[SourceTitle "EXT 2007"]
[Source "ChessBase"]
[SourceDate "2006.11.23"]
[SourceVersion "1"]
[SourceVersionDate "2006.11.23"]
[SourceQuality "1"]
[WhiteTeam "Domazlice"]
[BlackTeam "Kladno"]
[WhiteTeamCountry "CZE"]
[BlackTeamCountry "CZE"]

1. e4 e5 2. Nf3 Nc6 3. Bb5 d6 4. d4 Bd7 5. Nc3 Nf6 6. 0-0 exd4 7. Nxd4 Nxd4 8. Qxd4 c6 9. Bc4 b5 10. Be2 c5 11. Qd3 b4 12. Nb5 Bc6 13. Bf4 Nxe4 14. Bf3 f5 15. Nxd6+ Bxd6 16. Bxd6 Qf6 17. Bxc5 Nxc5 18. Bxc6+ Qxc6 19. Qxf5 Ke7 20. Rfe1+ Ne6 21. Re3 Raf8 22. Qg4 g6 23. Qxb4+ Kf7 24. Rae1 Re8 25. Qh4 Kg7 26. Qg4 Kf7 27. Rf3+ Kg7 28. Rfe3 Kf7 29. Rf3+ Kg7 1/2-1/2

[Event "CZE-chT2 0304"]
[Site "Czech Republic"]
[Date "2003.??.??"]
[Round "?"]
[White "Jacek, Martin"]
[Black "Pliva, Vojtech"]
[Result "1-0"]
[WhiteElo "2195"]
[BlackElo "2135"]
[PlyCount "177"]
[EventDate "2003.10.??"]
[EventType "team"]
[EventRounds "11"]
[EventCountry "CZE"]
[SourceTitle "EXT 2007"]
[Source "ChessBase"]
[SourceDate "2006.11.23"]
[SourceVersion "1"]
[SourceVersionDate "2006.11.23"]
[SourceQuality "1"]

1. e4 e5 2. Nf3 Nf6 3. Nc3 Nc6 4. Bb5 Bb4 5. 0-0 0-0 6. Bxc6 dxc6 7. d3 Nd7 8. Ne2 Re8 9. h3 Bf8 10. g4 g6 11. Ng3 Bg7 12. Bg5 f6 13. Be3 Nf8 14. Ne1 Ne6 15. Ng2 Qe7 16. f4 exf4 17. Nxf4 Nxf4 18. Bxf4 c5 19. Kh2 Be6 20. b3 Rad8 21. a4 c6 22. a5 h6 23. Qf3 Kh7 24. Rae1 Qd7 25. Bd2 Rf8 26. Qe3 b6 27. Re2 Rde8 28. Ref2 Rf7 29. axb6 axb6 30. Bc3 Ref8 31. Qe1 Qe7 32. Qa1 Kg8 33. Rf3 Kh7 34. R1f2 Kg8 35. Nf1 Qd6+ 36. Ng3 Bd7 37. Kh1 Kh7 38. Kh2 Kg8 39. Kh1 Bc8 40. Qf1 Qe6 41. Kh2 Bd7 42. Ne2 Qe7 43. Kh1 Be8 44. Nf4 Kh7 45. Ng2 Bh8 46. Ne3 b5 47. Qa1 Bg7 48. Qa5 Kg8 49. Bb2 Bd7 50. Qa1 Be6 51. Ng2 Kh7 52. Nf4 Bc8 53. Ne2 Bd7 54. Qf1 Be6 55. Bc3 Bh8 56. Ng3 Bg7 57. Re2 Qd7 58. Ref2 Qe7 59. Bb2 Kg8 60. Re2 Qd8 61. Qf2 c4 62. bxc4 bxc4 63. d4 Re8 64. Kh2 Rb7 65. Bc3 Bf7 66. Rfe3 Rbe7 67. Nf1 Qc7+ 68. Qg3 Qb7 69. Nd2 Qa6 70. Bb4 Rb7 71. Ra3 Qb6 72. Bc5 Qb2 73. Qc3 Qc1 74. Ra1 Qb2 75. Re3 Kh7 76. Rae1 Qa2 77. Ba3 c5 78. Bxc5 Qa4 79. Ra1 Qc6 80. Kg3 f5 81. e5 Bxe5+ 82. dxe5 Qxc5 83. gxf5 gxf5 84. Kf4 Rd7 85. Nf3 Rd5 86. Ra6 Bh5 87. e6 Qb5 88. Ra7+ Kg6 89. Qg7# 1-0

[Event "CZE-chT2b 0001"]
[Site "Czech Republic"]
[Date "2001.??.??"]
[Round "?"]
[White "Hrbolka, Ladislav"]
[Black "Pliva, Vojtech"]
[Result "1/2-1/2"]
[WhiteElo "2205"]
[BlackElo "2170"]
[PlyCount "51"]
[EventDate "2000.??.??"]
[EventType "team"]
[EventRounds "11"]
[EventCountry "CZE"]
[SourceTitle "EXT 2003"]
[Source "ChessBase"]
[SourceDate "2002.11.25"]
[SourceVersion "1"]
[SourceVersionDate "2002.11.25"]
[SourceQuality "1"]

1. d4 d5 2. Nf3 Nf6 3. g3 e6 4. Bg2 Be7 5. 0-0 0-0 6. c4 dxc4 7. Qc2 a6 8. a4 Nc6 9. Qxc4 Nb4 10. Bf4 b5 11. Qc1 Bb7 12. Nc3 c6 13. Rd1 Qb6 14. Be5 Rac8 15. Bxf6 Bxf6 16. Ne4 Be7 17. Nc5 Rfd8 18. Nxb7 Qxb7 19. Qb1 bxa4 20. e3 Nd5 21. Rxa4 Rb8 22. Qa1 Ra8 23. Rc1 Rdc8 24. Rcc4 Rab8 25. Ne5 c5 26. dxc5 1/2-1/2

[Event "Jirasek Memorial op-A"]
[Site "Rakovnik"]
[Date "2001.??.??"]
[Round "?"]
[White "Pliva, Vojtech"]
[Black "Bartos, Jan"]
[Result "1/2-1/2"]
[WhiteElo "2152"]
[BlackElo "2229"]
[PlyCount "29"]
[EventDate "2001.08.??"]
[EventType "swiss"]
[EventRounds "9"]
[EventCountry "CZE"]
[SourceTitle "EXT 2002"]
[Source "ChessBase"]
[SourceDate "2001.11.25"]
[SourceVersion "1"]
[SourceVersionDate "2001.11.25"]
[SourceQuality "1"]

1. Nf3 d5 2. d4 e6 3. c4 dxc4 4. Qa4+ Qd7 5. Qxc4 Qc6 6. Nbd2 Qxc4 7. Nxc4 b6 8. Bf4 Na6 9. a3 Nf6 10. h3 Bb7 11. e3 Rc8 12. Be2 Be7 13. 0-0 0-0 14. Rac1 Rfd8 15. Nce5 1/2-1/2